Jesús y el comienzo de los evangelios
Guardat en:
| Autor principal: | |
|---|---|
| Format: | Llibre |
| Idioma: | espanyol |
| Publicat: |
Pamplona
Verbo Divino
2006
|
| Col·lecció: | Horizontes, 7
|
| Matèries: | |
| Etiquetes: |
Afegir etiqueta
Sense etiquetes, Sigues el primer a etiquetar aquest registre!
|
MARC
| LEADER | 00000cam a2200000 a 4500 | ||
|---|---|---|---|
| 001 | UCF6473 | ||
| 003 | CL-VaPUC | ||
| 008 | 130425e20060000SP |||||||||||||||||spa|d | ||
| 020 | |a 9788481697018 | ||
| 082 | 0 | 4 | |a 232 |b GUI |2 21 |
| 100 | |a Guijarro Oporto, Santiago |e author |9 598556 | ||
| 245 | 1 | 0 | |a Jesús y el comienzo de los evangelios |
| 300 | |a 188 p | ||
| 942 | |c BK | ||
| 945 | |d 20130425 00:00:00 |a dcastane | ||
| 260 | |a Pamplona |b Verbo Divino |c 2006 | ||
| 650 | 0 | |a Cristología |9 315091 | |
| 650 | 0 | |a Evangelios |9 314864 | |
| 583 | |a last modification |c 20130425 11:23:00 |k Rodrigo Vera | ||
| 490 | 0 | |a Horizontes, 7 | |
| 999 | |c 351651 |d 351649 | ||
| 952 | |0 0 |1 0 |4 0 |6 232_000000000000000_GUI_2006 |7 0 |8 A |9 455876 |a BIBTEO |b BIBTEO |d 2019-11-22 |i 4967518 |o 232 GUI 2006 |p 4967518 |r 2025-01-17 |w 2019-11-22 |y BK |k ICR | ||
| 952 | |0 0 |1 0 |4 0 |6 232_000000000000000_GUI_2006 |7 0 |8 A |9 455877 |a BIBTEO |b BIBTEO |d 2019-11-22 |i 4967526 |l 1 |o 232 GUI 2006 |p 4967526 |r 2025-01-17 |s 2023-04-26 |w 2019-11-22 |y BK |k ICR | ||
| 952 | |0 0 |1 0 |3 erb |4 0 |6 232_000000000000000_GUI_2006 |7 0 |8 A |9 455878 |a BIBTEO |b BIBTEO |i 5280346 |l 1 |o 232 GUI 2006 |p 5280346 |r 2025-01-17 |s 2023-11-08 |w 2019-11-22 |y BK |z Catalogado en:20160407 |k ICR | ||